000 00905nam a22002411u 4500
001 05685
003 HDC
007 cr bn ---aaaaa
008 210120p2012 | d 00 engg
040 _aHDC
245 4 _aThe Importance Of Training For Halal Logistics Industry In Malaysia / by
_cKhazizul Maulod Bin Pahim, Sabariah Jemali and Syed Jamal Abdul Nasir Syed Mohamad
260 _a[no place] :
_b[publisher not identified],
_c2012
300 _a 1 online resource (7 pages)
336 _atext
_2rdacontent
337 _acomputer
_2rdamedia
338 _aonline resource
_2rdacarrier
650 _aHalal industry
_9144
650 _aLogistics Training
_95976
856 _zRequest full-text at [email protected]
942 _2lcc
942 _cAR
942 _kJART 001476
999 _c3009
_d3009